The Ultimate Flag Quiz 300+ Flags - Statistics

General Stats
  • This quiz has been taken 740 times
  • The average score is 141 of 336
Answer Stats
Picture Answer % Correct
USA
94%
UK
90%
Australia
85%
Canada
84%
Germany
83%
New Zealand
83%
France
82%
Belgium
79%
Netherlands
79%
Italy
71%
Luxembourg
71%
Luxembourg
71%
Poland
70%
Portugal
69%
Spain
69%
Belarus
68%
Andorra
66%
Monaco
66%
Greece
61%
Turkey
61%
Ukraine
61%
Iran
60%
Northern Cyprus
60%
South Georgia
60%
Cyprus
59%
Finland
59%
Iraq
59%
Israel
59%
Russia
59%
Sweden
59%
Georgia
58%
Indonesia
58%
Latvia
58%
Malta
58%
Morocco
58%
Romania
58%
Tunisia
58%
Norway
57%
Scotland
57%
Syria
57%
Albania
56%
Algeria
56%
Bulgaria
56%
Catalonia
56%
England
56%
Estonia
56%
India
56%
Ireland
56%
Kazakhstan
56%
Lebanon
56%
North Macedonia
56%
Switzerland
56%
Wales
56%
Armenia
55%
Austria
55%
Azerbaijan
55%
China
55%
Croatia
55%
Hungary
55%
Isle of Man
55%
Japan
55%
Lithuania
55%
Palestine
55%
Sicily
55%
Slovakia
55%
Turkmenistan
55%
Uzbekistan
55%
Bosnia
54%
Denmark
54%
Egypt
54%
Greenland
54%
Kenya
54%
Mexico
54%
Moldova
54%
North Korea
54%
Pakistan
54%
Slovenia
54%
South Korea
54%
Tajikistan
54%
Brazil
53%
Czech Republic
53%
Iceland
53%
Kosovo
53%
Kyrgyzstan
53%
Qatar
53%
Serbia
53%
Vietnam
53%
Afghanistan
52%
Bangladesh
52%
Bhutan
52%
Chile
52%
Corsica
52%
Libya
52%
Liechtenstein
52%
Malaysia
52%
Montenegro
52%
Nepal
52%
Oman
52%
Philippines
52%
Senegal
52%
Somalia
52%
Taiwan
52%
Thailand
52%
Uganda
52%
Chad
51%
Cuba
51%
Laos
51%
Sudan
51%
UAE
51%
Uruguay
51%
Bahrain
50%
Brunei
50%
Cambodia
50%
Gambia
50%
Hong Kong
50%
Mauritania
50%
Myanmar
50%
Panama
50%
Sardinia
50%
Venezuela
50%
Wallonia
50%
Yemen
50%
Columbia
49%
Djibouti
49%
Eritrea
49%
Ethiopia
49%
French Guiana
49%
Jamaica
49%
Jersey
49%
Northern Ireland
49%
Peru
49%
South Africa
49%
South Sudan
49%
Barbados
48%
Basque
48%
Belize
48%
Dominica
48%
Dominican Republic
48%
Ecuador
48%
Faroe Islands
48%
Honduras
48%
Marshall Islands
48%
Niger
48%
Palau
48%
Papua New Guinea
48%
Paraguay
48%
Saint Lucia
48%
Tonga
48%
American Samoa
47%
Bahamas
47%
Bolivia
47%
Comoros
47%
Costa Rica
47%
Fiji
47%
Ghana
47%
Guatemala
47%
Guernsey
47%
Guinea
47%
Guyana
47%
Ivory Coast
47%
Madagascar
47%
Micronesia
47%
Nicaragua
47%
Nigeria
47%
Puerto Rico
47%
Samoa
47%
Vanuatu
47%
Antigua and Barbuda
46%
El Salvador
46%
Flanders
46%
Haiti
46%
Liberia
46%
Saint Kitts
46%
Solomon Islands
46%
Sri Lanka
46%
Suriname
46%
Timor Leste
46%
Togo
46%
Trinidad and Tobago
46%
Tuvalu
46%
Angola
45%
Benin
45%
Guam
45%
Kiribati
45%
Mali
45%
Maurituis
45%
Mozambique
45%
Nauru
45%
Seychelles
45%
Botswana
44%
Burkina Faso
44%
Burundi
44%
Cameroon
44%
Gibraltar
44%
Grenada
44%
Lesotho
44%
Malawi
44%
Rwanda
44%
Saint Vincent
44%
Tanzania
44%
Vatican City
44%
Western Sahara
44%
Zimbabwe
44%
Eswatini
43%
Gabon
43%
Guinea-Bissau
43%
Macau
43%
Maldives
43%
San Marino
43%
US Virgin Islands
43%
West Papua
43%
Zambia
43%
Cape Verde
42%
Equatorial Guinea
42%
Mongolia
42%
Namibia
42%
Abkhazia
41%
Aland Island
41%
Aruba
41%
Bermuda
41%
Congo
41%
Cook Islands
41%
Niue
41%
Sao Tome
41%
Sierra Leone
41%
British Virgin Islands
40%
Curacao
40%
South Ossetia
40%
Tibet
40%
Madeira
39%
New Caledonia
39%
Tokelau
39%
Wake Island
39%
CAR
38%
Cayman Island
38%
DRC
38%
French Polynesia
38%
Hawaii
38%
Somaliland
38%
Falkland Islands
37%
Falkland Islands
37%
Azores
36%
Ceuta
36%
Crimea
36%
Guadeloupe
36%
Reunion
36%
Bonaire
35%
Norfolk Islands
35%
Sint Maarten
35%
Montserrat
34%
Saint Helena
34%
Saint Martin
34%
Easter Island
33%
Johnston Atoll
33%
Saint Pierre
33%
Wallis and Futuna
33%
British Indian Ocean Territory
32%
Canary Islands
32%
Cocos Islands
32%
Christmas Islands
31%
Turks and Caicos Islands
30%
Alaska
29%
Brittany
29%
Saba
29%
Transnistria
29%
Saint Barthelemy
27%
Ascension Island
26%
Chechnya
26%
Clipperton Island
26%
Tristan da Cunha
25%
Pitcairn Islands
24%
Bougainville
23%
British Antarctic Territory
23%
Kaliningrad
23%
Nagorno-karabakh
23%
Bali
22%
Cornwall
22%
Shetland Islands
22%
Melilla
21%
Sint Eustatius
21%
Tasmania
21%
Navassa Island
20%
Sark
20%
Alderney
19%
Bouvet Island
19%
Galápagos Islands
18%
Howland Island
18%
Jarvis Island
18%
Svalbard
18%
Nevis Island
17%
Adjara
16%
Crete
16%
Kashmir
16%
Midway Atoll
16%
Prince Edward Islands
16%
Republika Srpska
16%
Akrotiri and Dhekelia
14%
Barotseland
14%
Heard Island
14%
Juan Fernandez Islands
14%
Tenerife
14%
Jan Mayen
13%
Peter I Island
13%
Alboran Island
12%
Kingman Reef
12%
Little Diomede Island
11%
Normandy
11%
Ross Dependency
11%
Tierra del Fuego
11%
Antartica
10%
Socotra
10%
Chilean Antarctic Territory
9%
Queen Maud Land
8%
French Antarctic Territory
7%
Gran Canaria
7%
Nakhchivan
7%
Ryukyu
7%
Commander Islands
6%
Fuerteventura
6%
Maluku Islands
6%
Marina Islands
6%
North Aegean
6%
Savage Islands
6%
South Aegean
6%
Pelagie Islands
5%
Sinai
5%
Bajo Nuevo Bank
4%
Martinque
4%
Pantelleria
4%
Saudi Arania
4%
Serranilla Bank
4%
Serranilla Bank
4%
Coral Sea Islands Territory
3%
Long Island
3%
Plaza de Soberanía
3%
Saint Lawrence
3%
No matching quizzes found
Score Distribution
Percent of People with Each Score
Percentile by Number Answered
Your Score History
You have not taken this quiz